Die drei großen geistlichen Ritterorden in ihrer Frühzeit
| Titel: | Die drei großen geistlichen Ritterorden in ihrer Frühzeit |
|---|---|
| Verfasser: | |
| In: |
Stiftung Preußischer Kulturbesitz: Jahrbuch Preußischer Kulturbesitz ..., Band 21 (1984), Seite 85-111 alle Artikel anzeigen |
| Veröffentlicht: | 1984 [1985] |
| Format: | Aufsatz |
| Sprache: | Deutsch |
X
alg: 39190103 001A $01999:11-11-16 001B $01999:16-05-21 $t20:17:02.000 001C $06050:19-11-16 $t08:33:05.000 001D $01999:11-11-16 001U $0utf8 001X $00 002@ $0Aox 003@ $0391901036 007A $0391901036 $aHEB 007T $0Herd19437 010@ $ager 011@ $a1984 $n1984 [1985] 021A $aDie @drei großen geistlichen Ritterorden in ihrer Frühzeit 028A $#Jähnig, Bernhart Arnulf $7122464400 $8Jähnig, Bernhart$Z1941- [Tp1] $910139912X 031A $d21 $h85-111 $j1984 037A $aBetr. u.a. die Entwicklung des Deutschen Ordens und das Entstehen des Deutschordenstaates in Preußen 039B $aIn $8--Abvc--Stiftung Preußischer Kulturbesitz [Tb1]. Jahrbuch Preußischer Kulturbesitz .... - Berlin : Mann, 1963-[2016]. - ISSN 0342-0124 $x198400000210000915 $9046848940 045F $a200.943820902 $eDDC23BSB 045F/01 $a200.9 045F/03 $f0902 045F/03 $g4382 045F/03 $g43832 045T $a24 lok: 39190103 78 exp: 39190103 78 1 #EPN 201B/01 $019-04-17 $t10:53:04.000 201U/01 $0utf8 203@/01 $0787996637 208@/01 $a11-11-16 $be 209A/01 $a/ $f000 $x00 220C/01 $aTitelaufnehmer: kl 244Z/01 $2Trx $#Prusy Wschodnie i Zachodnie $8--Trx--Ost- und Westpreußen $x01 $939113373X 244Z/01 $aGeschichte 1119-1251 $x02 244Z/01 $2Trx $#ordud Saksa Ordu $#ordinas kryžiuočių $#order Teutonic Knights $#rendek Német Lovagrend $#zakony, krzyżacy $#rád, nemeckí rytieri $#řád, němečtí rytíři $#Deutscher Orden $#Ritterorden $#zakon krzyżacki $#zakon niemiecki $#nemeckí rytieri $8--Trx--Orden$gDeutscher Orden $x03 $9391363204 244Z/01 $2Trx $#ordud johanniidid $#ordinas joanitų $#Order of St. John $#szerzetesrendek Johanniták $#zakony, joannici $#rád, johaniti $#řád, johanité $#Johanniter $#johaniti $8--Trx--Orden$gJohanniter $x04 $9391372033 244Z/01 $2Trx $#ordud Templiordu $#ordinas tamplierių $#order Templars $#szerzetesrendek Templomos Lovagrend $#zakony, templariusze $#rád, templári $#řád, templáři $#Templer $#templári $8--Trx--Orden$gTempler $x05 $9391365681 244Z/01 $2Trx $#rüütelkond $#riterių luomas $#knights $#lovagi rend $#rycerstwo $#rytierstvo $#rytířstvo $8--Trx--Rittertum $x06 $9391368788 244Z/01 $2Trx $8--Trx--Zeitschriftenaufsatz $x07 $9391384341 245Z/01 $a10.02.01 $x01 247C/01 $82080>Marburg/Lahn, Herder-Institut, Forschungsbibliothek, Bibliographieportal $9336309341
| LEADER | 00000caa a22000002c 4500 | ||
|---|---|---|---|
| 001 | 391901036 | ||
| 003 | DE-603 | ||
| 005 | 20210516201702.0 | ||
| 007 | tu | ||
| 008 | 161111s1984 xx |||| | u00||u|ger c | ||
| 035 | |a (DE-599)HEB391901036 | ||
| 040 | |a DE-603 |b ger |c DE-603 |d DE-603 | ||
| 041 | |a ger | ||
| 082 | 0 | 4 | |8 1\u |a 200.943820902 |q DE-101 |2 23/BSB |
| 084 | |a 24 |2 ssgn | ||
| 085 | |8 1\u |b 200.9 | ||
| 085 | |8 1\u |z 1 |s 0902 | ||
| 085 | |8 1\u |z 2 |s 4382 | ||
| 085 | |8 1\u |z 2 |s 43832 | ||
| 100 | 1 | |a Jähnig, Bernhart |d 1941- |0 (DE-603)10139912X |0 (DE-588)122464400 |2 gnd | |
| 245 | 0 | 0 | |a Die drei großen geistlichen Ritterorden in ihrer Frühzeit |
| 264 | 0 | |c 1984 [1985] | |
| 500 | |a Betr. u.a. die Entwicklung des Deutschen Ordens und das Entstehen des Deutschordenstaates in Preußen | ||
| 773 | 0 | 8 | |i In |a Stiftung Preußischer Kulturbesitz |t Jahrbuch Preußischer Kulturbesitz ... |d Berlin : Mann, 1963-[2016] |h 24 cm |x 0342-0124 |g Band 21 (1984), Seite 85-111 |w (DE-603)046848940 |w (DE-600)3758-8 |
| 924 | 0 | |9 2080 |a (DE-603)787996637 |b DE-2080 |c HES |d d |g / | |


